[Event "Wch Seniors 23rd 2013"]
[Site "Opatija"]
[Date "2013.11.19"]
[Round "7.75"]
[White "Alavi, Mir Mahmood"]
[Black "Taksrud, Vidar"]
[Result "0-1"]
[WhiteElo "1852"]
[BlackElo "2063"]
[PlyCount "44"]
[EventDate "2013.11.12"]

1. e4 c5 2. Nf3 Nc6 3. Be2 g6 4. d3 Bg7 5. Nc3 d6 6. Be3 Nf6 7. h3 e5 8. Qd2
Nd4 9. Bh6 Bxh6 10. Qxh6 Nxc2+ 11. Kd2 Nxa1 12. Rxa1 Be6 13. Ng5 Qe7 14. f4
O-O-O 15. Rf1 exf4 16. Rxf4 Ng8 17. Qh4 h6 18. Nxe6 Qxh4 19. Rxh4 fxe6 20. Rf4
Rh7 21. Bg4 Kd7 22. Nd5 h5 0-1

[Event "Wch Seniors 23rd 2013"]
[Site "Opatija"]
[Date "2013.11.19"]
[Round "7.76"]
[White "Andersson, Kaj"]
[Black "Belokopyt, Boris"]
[Result "1-0"]
[WhiteElo "2062"]
[BlackElo "1942"]
[PlyCount "53"]
[EventDate "2013.11.12"]

1. e4 e6 2. d4 d5 3. Nd2 Nf6 4. e5 Nfd7 5. Bd3 c5 6. c3 Qb6 7. Ne2 Nc6 8. O-O
cxd4 9. cxd4 Nxd4 10. Nxd4 Qxd4 11. Nf3 Qb6 12. Qa4 Be7 13. Qg4 Kf8 14. Be3 Qd8
15. Rac1 b6 16. Bb5 Bb7 17. b4 h5 18. Qf4 Rg8 19. Nd4 Ke8 20. Bc6 g5 21. Qf3 g4
22. Qe2 Rb8 23. Qc2 Rg6 24. f4 Rc8 25. f5 Bxc6 26. fxg6 Bg5 27. gxf7+ 1-0

[Event "Wch Seniors 23rd 2013"]
[Site "Opatija"]
[Date "2013.11.19"]
[Round "7.77"]
[White "Peierl, Walter"]
[Black "Doubleday, William G"]
[Result "0-1"]
[WhiteElo "1834"]
[BlackElo "2037"]
[PlyCount "90"]
[EventDate "2013.11.12"]

1. e4 c5 2. d4 cxd4 3. c3 Nf6 4. e5 Nd5 5. Bc4 Nb6 6. Bb3 Nc6 7. Nf3 d6 8. e6
f6 9. cxd4 d5 10. O-O Bxe6 11. Re1 Bf7 12. Nc3 e6 13. Bf4 Be7 14. a3 O-O 15. g4
Bd6 16. Bg3 a6 17. Rc1 Qd7 18. Bc2 Rae8 19. Kg2 e5 20. dxe5 Nxe5 21. Bf5 Qd8
22. Nd4 g6 23. Bb1 Qd7 24. h3 Nc6 25. Nxc6 bxc6 26. Qd4 Bxg3 27. fxg3 Nc4 28.
Qf2 d4 29. Ne4 Bd5 30. Kh2 Ne5 31. Nd2 Be6 32. Qg2 d3 33. Re3 Qd4 34. Rce1 Bd5
35. Qf2 Qxb2 36. Rf1 c5 37. Bxd3 Qd4 38. Be4 Bxe4 39. Rxe4 Qd5 40. Ra4 Qd3 41.
Rf4 Nxg4+ 42. hxg4 Re2 43. Ne4 f5 44. Nxc5 Rxf2+ 45. R1xf2 Qxa3 0-1

[Event "Wch Seniors 23rd 2013"]
[Site "Opatija"]
[Date "2013.11.19"]
[Round "7.78"]
[White "Belistri, Ubaldo"]
[Black "Urbanc, Vinko"]
[Result "1-0"]
[WhiteElo "2016"]
[BlackElo "1842"]
[PlyCount "73"]
[EventDate "2013.11.12"]

1. d4 Nf6 2. c4 g6 3. Nc3 d5 4. Bf4 Bg7 5. e3 O-O 6. Rc1 c6 7. h3 a6 8. Nf3
Nbd7 9. cxd5 cxd5 10. Be2 b5 11. O-O Bb7 12. Qb3 h6 13. a4 Nh5 14. Bh2 e6 15.
axb5 f5 16. Nd2 f4 17. Bxh5 fxe3 18. fxe3 Qg5 19. Nd1 Qxh5 20. Rc7 Rxf1+ 21.
Nxf1 Qe2 22. Nc3 Qe1 23. Qd1 Qxd1 24. Nxd1 Bc8 25. bxa6 e5 26. dxe5 Nxe5 27.
Rxg7+ Kxg7 28. Bxe5+ Kf7 29. Nd2 Rxa6 30. Kf2 Bf5 31. Nc3 Ke6 32. Bg7 h5 33.
Nf3 Bd3 34. Ng5+ Kf5 35. h4 Kg4 36. Nf3 Ra1 37. Ne5+ 1-0

[Event "Wch Seniors 23rd 2013"]
[Site "Opatija"]
[Date "2013.11.19"]
[Round "7.80"]
[White "Karabut, Vladimir"]
[Black "Marks, Ian A"]
[Result "0-1"]
[WhiteElo "2044"]
[BlackElo "1948"]
[PlyCount "112"]
[EventDate "2013.11.12"]

1. f4 d5 2. d4 Nf6 3. e3 c5 4. Nf3 Bf5 5. Be2 e6 6. O-O Nc6 7. c3 Bd6 8. Ne5
Qc7 9. Bb5 O-O 10. Bd3 Rac8 11. Qe2 Rfe8 12. Nd2 Ne4 13. Nxe4 Bxe4 14. Bd2 Bxd3
15. Qxd3 f6 16. Ng4 c4 17. Qc2 e5 18. Rae1 exf4 19. Rf3 fxe3 20. Rfxe3 Qd7 21.
h3 Rxe3 22. Bxe3 Re8 23. Bf2 Rxe1+ 24. Bxe1 f5 25. Ne3 f4 26. Nf5 Bc7 27. Nh4
Qe6 28. Nf3 b5 29. a3 Ne7 30. Bf2 h6 31. Qb1 Qe4 32. Nd2 Qxb1+ 33. Nxb1 Kf7 34.
Nd2 Ke6 35. Nf3 Kf5 36. Kf1 Nc8 37. Ke2 Nb6 38. Nh4+ Ke4 39. Nf3 Na4 40. Nd2+
Kf5 41. Kf3 Nxb2 42. Bh4 g5 43. Bf2 Bd6 44. Nb1 Nd3 45. g4+ fxg3 46. Bxg3 Bxg3
47. Kxg3 Ke4 48. Nd2+ Ke3 49. Nf3 a5 50. Ne5 b4 51. axb4 axb4 52. Ng4+ Kd2 53.
cxb4 Nxb4 54. Kf3 Nc6 55. Ne3 Nxd4+ 56. Kf2 c3 0-1

[Event "Wch Seniors 23rd 2013"]
[Site "Opatija"]
[Date "2013.11.19"]
[Round "7.81"]
[White "Sevenyuk, Alexey"]
[Black "Benson, Lachlan"]
[Result "1/2-1/2"]
[WhiteElo "1886"]
[BlackElo "2039"]
[PlyCount "54"]
[EventDate "2013.11.12"]

1. e4 d5 2. exd5 Qxd5 3. Nc3 Qa5 4. d4 Nf6 5. Nf3 Bf5 6. Bd3 Bxd3 7. Qxd3 Nbd7
8. Bd2 c6 9. O-O-O e6 10. Kb1 Be7 11. h3 Qc7 12. g4 O-O-O 13. Qe3 h6 14. Ne5
Nxe5 15. dxe5 Nd7 16. Qxa7 Qxe5 17. f4 Qb8 18. Qa5 Qc7 19. Na4 Bd6 20. Rhf1
Qxa5 21. Bxa5 Bc7 22. Bxc7 Kxc7 23. c4 b6 24. Nc3 Nf6 25. Kc2 Rxd1 26. Rxd1 Rd8
27. Rxd8 Kxd8 1/2-1/2

[Event "Wch Seniors 23rd 2013"]
[Site "Opatija"]
[Date "2013.11.19"]
[Round "7.82"]
[White "Choong, Liong-On Mark"]
[Black "Catania, Duane"]
[Result "1/2-1/2"]
[WhiteElo "1924"]
[BlackElo "2029"]
[PlyCount "65"]
[EventDate "2013.11.12"]

1. b3 d5 2. Bb2 Nf6 3. e3 Bf5 4. Ne2 e6 5. Ng3 Bg6 6. d3 c5 7. Nd2 Nc6 8. f4 h5
9. Be2 h4 10. Ngf1 Qc7 11. Nf3 O-O-O 12. Ne5 Nxe5 13. fxe5 Nd7 14. d4 Be7 15.
Bg4 Be4 16. Bf3 f5 17. Qe2 Nb6 18. c3 Rdf8 19. a4 a6 20. a5 Nd7 21. Nd2 Kb8 22.
Bxe4 fxe4 23. Qg4 Qc6 24. Rf1 Rxf1+ 25. Nxf1 cxd4 26. exd4 Qb5 27. Qxe6 Rf8 28.
O-O-O Rxf1 29. Qxe7 Rxd1+ 30. Kxd1 Qd3+ 31. Kc1 e3 32. Qxd7 e2 33. Qd8+ 1/2-1/2

[Event "Wch Seniors 23rd 2013"]
[Site "Opatija"]
[Date "2013.11.19"]
[Round "7.83"]
[White "Borensztajn, David"]
[Black "Schwertel, Johann"]
[Result "1/2-1/2"]
[WhiteElo "1869"]
[BlackElo "2016"]
[PlyCount "66"]
[EventDate "2013.11.12"]

1. d4 d5 2. c4 c6 3. Nf3 Nf6 4. e3 Bg4 5. Qb3 Qb6 6. Ne5 Be6 7. c5 Qc7 8. Qc2
Nbd7 9. Nxd7 Bxd7 10. Bd3 g6 11. Nd2 Bg7 12. f4 e6 13. O-O O-O 14. Nf3 Rad8 15.
b4 Ng4 16. Rb1 f5 17. a4 Nf6 18. Ba3 Ne4 19. b5 Rfe8 20. b6 axb6 21. Rxb6 Ra8
22. Rfb1 Ra7 23. Qb3 Rb8 24. Bb4 Bc8 25. a5 Rba8 26. Be1 Nf6 27. h3 Nd7 28. Ng5
Nf8 29. Qb2 h6 30. Nf3 Qe7 31. Ra1 Qc7 32. Rb1 Qd7 33. h4 h5 1/2-1/2

[Event "Wch Seniors 23rd 2013"]
[Site "Opatija"]
[Date "2013.11.19"]
[Round "7.84"]
[White "Nilsson, Weine"]
[Black "Filzmaier, Bruno"]
[Result "1-0"]
[WhiteElo "2003"]
[BlackElo "1895"]
[PlyCount "53"]
[EventDate "2013.11.12"]

1. c4 e6 2. g3 d5 3. Bg2 Nf6 4. Nf3 b6 5. O-O Be7 6. d4 O-O 7. Ne5 Bb7 8. Nc3
Nbd7 9. Qa4 c5 10. Nxd7 Qxd7 11. Qxd7 Nxd7 12. dxc5 Bxc5 13. cxd5 Nf6 14. dxe6
Bxg2 15. exf7+ Kxf7 16. Kxg2 Rad8 17. Bg5 Rd4 18. Be3 Rc4 19. Bxc5 Rxc5 20.
Rfd1 Ke6 21. h3 Rfc8 22. Rd2 b5 23. Kf3 a5 24. Rad1 R8c6 25. e3 b4 26. Ne2 Rf5+
27. Kg2 1-0

[Event "Wch Seniors 23rd 2013"]
[Site "Opatija"]
[Date "2013.11.19"]
[Round "7.85"]
[White "Skok, Joze"]
[Black "Kiss, Istvan"]
[Result "1-0"]
[WhiteElo "2003"]
[BlackElo "1880"]
[PlyCount "57"]
[EventDate "2013.11.12"]

1. e4 e5 2. Nf3 Nc6 3. Bb5 a6 4. Ba4 Nf6 5. d4 b5 6. Bb3 Be7 7. dxe5 Ng4 8. Qd5
O-O 9. h3 Nh6 10. O-O Bb7 11. Rd1 d6 12. exd6 cxd6 13. Qh5 Na5 14. Bd5 Qc7 15.
Nc3 b4 16. Bxb7 Qxb7 17. Nd5 Nc4 18. Bxh6 gxh6 19. Qxh6 f6 20. b3 Nb6 21. Nh4
Rf7 22. Nxe7+ Qxe7 23. Nf5 Qe6 24. Qe3 Rb7 25. Rxd6 Qe5 26. Rad1 Rab8 27. Rd8+
Rxd8 28. Rxd8+ Kf7 29. Nd6+ 1-0

[Event "Wch Seniors 23rd 2013"]
[Site "Opatija"]
[Date "2013.11.19"]
[Round "7.86"]
[White "Hocevar, Nikola"]
[Black "Haupt, Joachim"]
[Result "1-0"]
[WhiteElo "1996"]
[BlackElo "1870"]
[PlyCount "67"]
[EventDate "2013.11.12"]

1. c4 c5 2. Nf3 Nc6 3. d4 cxd4 4. Nxd4 Nf6 5. Nc3 g6 6. e4 d6 7. Be2 Bg7 8. Nc2
O-O 9. O-O Bd7 10. Be3 b6 11. Rc1 Qc8 12. f3 Ne5 13. b3 Qb7 14. Qd2 Bc6 15. Nd4
Bd7 16. h3 Nc6 17. Nc2 Nh5 18. Kh2 Rad8 19. f4 f5 20. Bf3 Qc8 21. exf5 Bxf5 22.
Nd4 Nxd4 23. Bxd4 Nf6 24. g4 Bd7 25. g5 Nh5 26. Bxh5 e5 27. Nd5 Rfe8 28. fxe5
dxe5 29. Bc3 gxh5 30. Qe3 Bf5 31. Rf2 Be6 32. Nf6+ Bxf6 33. gxf6 Bf5 34. Qg5+
1-0

[Event "Wch Seniors 23rd 2013"]
[Site "Opatija"]
[Date "2013.11.19"]
[Round "7.87"]
[White "Cao, Jorge"]
[Black "Barkman, Rolf"]
[Result "1-0"]
[WhiteElo "1990"]
[BlackElo "1867"]
[PlyCount "113"]
[EventDate "2013.11.12"]

1. d4 d5 2. c4 c6 3. Nc3 e5 4. e3 e4 5. Qb3 Nf6 6. Nge2 dxc4 7. Qxc4 Be6 8. Qa4
Bf5 9. Ng3 Bg6 10. Qc2 Bb4 11. a3 Bxc3+ 12. bxc3 O-O 13. Be2 h5 14. h4 Re8 15.
Qd1 Nbd7 16. Bxh5 Nxh5 17. Nxh5 Qa5 18. Nf4 Qxc3+ 19. Bd2 Qc4 20. Nxg6 fxg6 21.
Rc1 Qf7 22. Bb4 Re6 23. O-O Nf6 24. Rc5 Nd5 25. Qg4 Rae8 26. Rc2 Rf6 27. Qg3
Ree6 28. Bd2 Kh7 29. Rb1 Rf5 30. Rcb2 b6 31. Rc2 Rh5 32. Rbc1 Qf6 33. Bb4 Rxh4
34. Rxc6 Rh5 35. Rxe6 Qxe6 36. Bd6 g5 37. Qe5 Qxe5 38. Bxe5 g4 39. g3 Rf5 40.
Rc6 Rf7 41. Rc8 Rb7 42. Rd8 Nc3 43. d5 Nb5 44. a4 Na3 45. Rc8 b5 46. d6 Nc4 47.
Rc7 Rb8 48. Bf4 b4 49. Rxc4 b3 50. Be5 Re8 51. Bb2 Rd8 52. Rd4 Rd7 53. Kf1 Kg6
54. Ke2 Kf5 55. Kd2 g6 56. Kc3 Ke6 57. Rxe4+ 1-0

[Event "Wch Seniors 23rd 2013"]
[Site "Opatija"]
[Date "2013.11.19"]
[Round "7.88"]
[White "Pressl, Harald"]
[Black "Trtanj, Zoran"]
[Result "1-0"]
[WhiteElo "1802"]
[BlackElo "1986"]
[PlyCount "33"]
[EventDate "2013.11.12"]

1. e4 c6 2. d4 d5 3. exd5 cxd5 4. Bd3 Nc6 5. c3 Nf6 6. Bf4 e6 7. Nf3 Bd6 8.
Bxd6 Qxd6 9. O-O O-O 10. Re1 Re8 11. Ne5 Bd7 12. Nd2 Ne7 13. f4 b5 14. Re3 b4
15. Rh3 Ng6 16. Bxg6 hxg6 17. Rh8+ 1-0

[Event "Wch Seniors 23rd 2013"]
[Site "Opatija"]
[Date "2013.11.19"]
[Round "7.90"]
[White "Tavcar, Rado"]
[Black "Birkestrand, Odd"]
[Result "1/2-1/2"]
[WhiteElo "1956"]
[BlackElo "1819"]
[PlyCount "67"]
[EventDate "2013.11.12"]

1. e4 e5 2. Nf3 Nc6 3. Bb5 d6 4. c3 Nf6 5. d3 Bd7 6. O-O Be7 7. Re1 O-O 8. h3
a6 9. Ba4 h6 10. Nbd2 Nh7 11. Nf1 Ng5 12. Bb3 Nxf3+ 13. Qxf3 Bg5 14. Ne3 Na5
15. Bc2 Be6 16. Nd5 Bxc1 17. Raxc1 Nc6 18. Ne3 Qg5 19. b3 Rac8 20. Rcd1 Ne7 21.
d4 exd4 22. cxd4 Ng6 23. Qg3 Qxg3 24. fxg3 Ne7 25. g4 g6 26. Rf1 Kg7 27. Rd2 d5
28. Rdf2 c5 29. Nxd5 Nxd5 30. exd5 Bxd5 31. dxc5 Rxc5 32. Bb1 Rfc8 33. Rd2 Be6
34. Kf2 1/2-1/2

[Event "Wch Seniors 23rd 2013"]
[Site "Opatija"]
[Date "2013.11.19"]
[Round "7.91"]
[White "Mortensen, Steen Juul"]
[Black "Thonig, Manfred"]
[Result "1-0"]
[WhiteElo "1999"]
[BlackElo "1553"]
[PlyCount "55"]
[EventDate "2013.11.12"]

1. Nf3 e6 2. d4 d5 3. c4 Nf6 4. g3 Bb4+ 5. Nc3 dxc4 6. Bg2 Ne4 7. Bd2 Nxd2 8.
Nxd2 O-O 9. Nxc4 c6 10. O-O b5 11. Nxb5 Ba6 12. Nba3 Qc7 13. b3 Rd8 14. Rc1 Bb7
15. e3 Ba6 16. Nc2 Ba5 17. Qf3 f5 18. Rfd1 Bb7 19. Ne5 Rd6 20. b4 Bb6 21. Na3
Rd5 22. Qe2 Rxe5 23. dxe5 Qxe5 24. b5 Qc7 25. Bxc6 Nxc6 26. bxc6 Bc8 27. Nb5
Qe7 28. Nd6 1-0

[Event "Wch Seniors 23rd 2013"]
[Site "Opatija"]
[Date "2013.11.19"]
[Round "7.92"]
[White "King, Melvyn"]
[Black "Andreas, Guenter"]
[Result "1/2-1/2"]
[WhiteElo "1890"]
[BlackElo "1990"]
[PlyCount "103"]
[EventDate "2013.11.12"]

1. e4 e5 2. Nf3 Nc6 3. d4 exd4 4. Nxd4 Bc5 5. Nb3 Bb6 6. Nc3 d6 7. Qe2 Be6 8.
Be3 Qd7 9. O-O-O O-O-O 10. Bxb6 axb6 11. f3 Nge7 12. Nd5 Bxd5 13. exd5 Na7 14.
c4 Rde8 15. Qf2 Kb8 16. Nd4 Nf5 17. Nxf5 Qxf5 18. Bd3 Qf4+ 19. Qd2 Qf6 20. Rhe1
Nc8 21. Kc2 Ne7 22. Qc3 Qh6 23. Rd2 Ng6 24. Rxe8+ Rxe8 25. Bxg6 hxg6 26. h3 Qf4
27. b3 f6 28. Qd3 f5 29. Re2 Re5 30. Qd2 Qxd2+ 31. Kxd2 Kc8 32. f4 Rxe2+ 33.
Kxe2 Kd7 34. g4 Ke7 35. g5 c6 36. Kd3 Kd7 37. Kd4 Kc7 38. Kc3 Kd7 39. Kb4 Kc7
40. a4 Kd7 41. a5 Kc7 42. Ka4 bxa5 43. Kxa5 c5 44. Kb5 Kd7 45. b4 cxb4 46. Kxb4
Kc7 47. Kb5 Kd7 48. Kb6 Kc8 49. Ka5 Kc7 50. Kb5 Kd7 51. Kb6 Kc8 52. Kb5 1/2-1/2

[Event "Wch Seniors 23rd 2013"]
[Site "Opatija"]
[Date "2013.11.19"]
[Round "7.93"]
[White "Waisberg, Arnold"]
[Black "Kummer, Heinz"]
[Result "1/2-1/2"]
[WhiteElo "1971"]
[BlackElo "1788"]
[PlyCount "62"]
[EventDate "2013.11.12"]

1. e4 c5 2. c3 d5 3. exd5 Qxd5 4. Nf3 e6 5. d4 cxd4 6. Qxd4 Nf6 7. Be2 Nc6 8.
Qxd5 Nxd5 9. O-O Be7 10. h3 O-O 11. c4 Nb6 12. Nbd2 f5 13. b4 Bf6 14. Rb1 e5
15. c5 Nd7 16. Bc4+ Kh8 17. Nb3 e4 18. Nfd2 Nde5 19. Rd1 Nd3 20. Bxd3 exd3 21.
Nf3 Ne5 22. Nxe5 Bxe5 23. Rxd3 f4 24. Nd4 Bxd4 25. Rxd4 Bf5 26. Ra1 Rfd8 27.
Rxd8+ Rxd8 28. Bxf4 Kg8 29. f3 Bc2 30. Rc1 Rd1+ 31. Rxd1 Bxd1 {Dirty
manuscript!} 1/2-1/2

[Event "Wch Seniors 23rd 2013"]
[Site "Opatija"]
[Date "2013.11.19"]
[Round "7.94"]
[White "Strohbusch, Frank"]
[Black "Baumgarten, Werner"]
[Result "1/2-1/2"]
[WhiteElo "1855"]
[BlackElo "1943"]
[PlyCount "83"]
[EventDate "2013.11.12"]

1. e4 c6 2. d4 d5 3. e5 Bf5 4. Nf3 e6 5. Be2 h6 6. Nbd2 b5 7. Nb3 Nd7 8. Bd3
Bxd3 9. Qxd3 a5 10. a4 b4 11. Be3 Qb6 12. O-O Qa6 13. Qxa6 Rxa6 14. c3 f5 15.
Rfc1 bxc3 16. Rxc3 Bb4 17. Rc2 Ne7 18. Ne1 O-O 19. Nd3 Rb8 20. g3 Kf7 21. Kg2
g5 22. h4 Kg6 23. hxg5 hxg5 24. Rh1 Raa8 25. Rcc1 Rb6 26. Rh2 Ng8 27. Rch1 Bf8
28. Rh5 Bh6 29. Nbc5 Nf8 30. b3 Ra7 31. Bd2 Ra8 32. Ne1 Ra7 33. Nf3 g4 34. Ng5
Rb8 35. Rxh6+ Nxh6 36. Ngxe6 Nf7 37. Nxf8+ Rxf8 38. Ne6 Rc8 39. Nf4+ Kg7 40.
Nh5+ Kg6 41. Nf4+ Kg7 42. Nh5+ 1/2-1/2

[Event "Wch Seniors 23rd 2013"]
[Site "Opatija"]
[Date "2013.11.19"]
[Round "7.95"]
[White "Andersson, Finn"]
[Black "Hernandez M., E. Gustavo"]
[Result "1/2-1/2"]
[WhiteElo "1846"]
[BlackElo "1933"]
[PlyCount "88"]
[EventDate "2013.11.12"]

1. e4 c5 2. Nf3 Nc6 3. d4 cxd4 4. Nxd4 Nf6 5. Nc3 e5 6. Ndb5 d6 7. Bg5 a6 8.
Na3 b5 9. Bxf6 gxf6 10. Nd5 Bg7 11. Bd3 Be6 12. Ne3 Ne7 13. O-O O-O 14. Re1 d5
15. exd5 Nxd5 16. Nxd5 Bxd5 17. Qh5 h6 18. Qf5 Re8 19. Qh7+ Kf8 20. c4 bxc4 21.
Nxc4 Bxc4 22. Bxc4 f5 23. Qxf5 Qf6 24. Qe4 Rac8 25. b3 Red8 26. Rad1 Qe7 27. a4
a5 28. Rd5 Rxd5 29. Qxd5 Rc5 30. Qa8+ Qe8 31. Qe4 Qc6 32. Qxc6 Rxc6 33. Rd1 Rc7
34. Kf1 Ke7 35. Rd5 Ra7 36. Ke2 f6 37. Kd3 Rd7 38. Ke4 Rxd5 39. Bxd5 Kd6 40. g4
h5 41. h3 hxg4 42. hxg4 Bf8 43. Bc4 Be7 44. f3 Bd8 1/2-1/2

[Event "Wch Seniors 23rd 2013"]
[Site "Opatija"]
[Date "2013.11.20"]
[Round "8.1"]
[White "Vaisser, Anatoly"]
[Black "Hulak, Krunoslav"]
[Result "1-0"]
[WhiteElo "2523"]
[BlackElo "2473"]
[PlyCount "73"]
[EventDate "2013.11.12"]

1. d4 Nf6 2. c4 e6 3. Nc3 Bb4 4. e3 O-O 5. Nge2 d5 6. a3 Be7 7. Nf4 c6 8. Bd3
Nbd7 9. cxd5 exd5 10. g4 Re8 11. f3 Bd6 12. Nce2 Nf8 13. g5 N6d7 14. h4 Nb6 15.
Qc2 Bd7 16. Kf2 Qe7 17. Bd2 c5 18. Rag1 c4 19. Bf5 Bxf5 20. Qxf5 g6 21. Qg4 Qd7
22. Nc3 Bxf4 23. Qxf4 Ne6 24. Qh2 Ng7 25. Qh3 Rad8 26. Qxd7 Rxd7 27. Re1 Nh5
28. Re2 f5 29. gxf6 Nxf6 30. Rhe1 Re6 31. Kg2 Nc8 32. Bc1 Ne7 33. Kh3 Nf5 34.
Rd1 Rde7 35. e4 dxe4 36. d5 Re5 37. f4 1-0

[Event "Wch Seniors 23rd 2013"]
[Site "Opatija"]
[Date "2013.11.20"]
[Round "8.2"]
[White "Kristiansen, Jens"]
[Black "Rogulj, Branko"]
[Result "1-0"]
[WhiteElo "2407"]
[BlackElo "2420"]
[PlyCount "95"]
[EventDate "2013.11.12"]

1. d4 Nf6 2. c4 g6 3. Nc3 d5 4. Nf3 Bg7 5. Bg5 Ne4 6. Bh4 Nxc3 7. bxc3 c5 8.
cxd5 cxd4 9. cxd4 Qxd5 10. e3 Nc6 11. Be2 e5 12. dxe5 Qa5+ 13. Qd2 Qxd2+ 14.
Kxd2 Nxe5 15. Nd4 O-O 16. Rab1 h6 17. Rhc1 g5 18. Bg3 Rd8 19. Ke1 a6 20. a4 Bd7
21. Rxb7 Bxa4 22. Rcc7 Be8 23. Nf5 Nd3+ 24. Kf1 Bf8 25. Bh5 Nc5 26. Nxh6+ Bxh6
27. Rxc5 Rac8 28. Bc7 Rd2 29. Ke1 Ra2 30. Bg4 Ra8 31. Rb6 Bg7 32. Rxg5 Ra1+ 33.
Ke2 Bb5+ 34. Kf3 Re8 35. Rb8 Rxb8 36. Bxb8 f6 37. Be6+ Kh7 38. Rc5 Rd1 39. Bf4
Rd8 40. Rc7 Kh8 41. g4 Ra8 42. Bd5 Rd8 43. e4 Be8 44. Ra7 Bb5 45. h4 Bf8 46. g5
Bg7 47. g6 f5 48. h5 1-0

[Event "Wch Seniors 23rd 2013"]
[Site "Opatija"]
[Date "2013.11.20"]
[Round "8.3"]
[White "Berkovich, Mark A"]
[Black "Balashov, Yuri S"]
[Result "1/2-1/2"]
[WhiteElo "2357"]
[BlackElo "2440"]
[PlyCount "27"]
[EventDate "2013.11.12"]

1. d4 Nf6 2. Nf3 g6 3. Bg5 Bg7 4. Nbd2 O-O 5. c3 d6 6. e4 h6 7. Bxf6 exf6 8.
Bd3 c5 9. O-O Nc6 10. dxc5 dxc5 11. Qc2 Qc7 12. a4 Ne7 13. Nh4 Bg4 14. Nc4
1/2-1/2

[Event "Wch Seniors 23rd 2013"]
[Site "Opatija"]
[Date "2013.11.20"]
[Round "8.4"]
[White "Vasiukov, Evgeni"]
[Black "Van Riemsdijk, Herman C"]
[Result "1/2-1/2"]
[WhiteElo "2457"]
[BlackElo "2347"]
[PlyCount "76"]
[EventDate "2013.11.12"]

1. f4 g6 2. Nf3 Bg7 3. g3 d5 4. Bg2 Bg4 5. c4 c6 6. Qb3 Qc7 7. cxd5 cxd5 8. Nc3
Bxf3 9. Bxf3 e6 10. e4 dxe4 11. Bxe4 Nc6 12. Nb5 Qd7 13. Nd6+ Kf8 14. Qxb7 Qxb7
15. Nxb7 Nge7 16. Rb1 Rb8 17. Nc5 Rb5 18. Nd3 f5 19. a4 Ra5 20. Bxc6 Nxc6 21.
b4 Rxa4 22. Nc5 Rxb4 23. Rxb4 Nxb4 24. Nxe6+ Kf7 25. Nxg7 Rc8 26. Ke2 Kxg7 27.
Bb2+ Kf7 28. Ra1 Rc7 29. Be5 Rd7 30. Ra4 Rb7 31. Bd6 Nc6 32. Rc4 Rb6 33. Bc5
Ra6 34. Rc1 Ke6 35. Rb1 Ra5 36. Be3 Rd5 37. Rb7 Rd7 38. Rb5 Rd5 1/2-1/2

[Event "Wch Seniors 23rd 2013"]
[Site "Opatija"]
[Date "2013.11.20"]
[Round "8.5"]
[White "Shvedchikov, Anatoli I"]
[Black "Kupreichik, Viktor D"]
[Result "0-1"]
[WhiteElo "2363"]
[BlackElo "2454"]
[PlyCount "74"]
[EventDate "2013.11.12"]

1. Nf3 g6 2. d4 Bg7 3. Bg5 c5 4. c3 h6 5. Bf4 b6 6. dxc5 g5 7. Be5 f6 8. Bd4 e5
9. Be3 Nc6 10. cxb6 axb6 11. c4 f5 12. Nc3 g4 13. Nd5 Rb8 14. Ng1 b5 15. Bc1
Nf6 16. e3 Nxd5 17. cxd5 Ne7 18. d6 Ng6 19. a4 bxa4 20. Ne2 Bb7 21. Rxa4 Bc6
22. Ra2 Nh4 23. Rg1 O-O 24. Nc3 Kh8 25. e4 Rb4 26. Be3 Qb8 27. Qd2 Rd4 28. Qc1
f4 29. Bd2 Bxe4 30. Nb5 Rc8 31. Bc3 Bd5 32. Ra3 Nxg2+ 33. Rxg2 Bxg2 34. Nxd4
exd4 35. Bxg2 dxc3 36. bxc3 f3 37. Bf1 Qxd6 0-1

[Event "Wch Seniors 23rd 2013"]
[Site "Opatija"]
[Date "2013.11.20"]
[Round "8.6"]
[White "Rukavina, Josip"]
[Black "Sloth, Jorn"]
[Result "1-0"]
[WhiteElo "2405"]
[BlackElo "2338"]
[PlyCount "115"]
[EventDate "2013.11.12"]

1. Nf3 b6 2. e4 Bb7 3. Nc3 Nf6 4. Bd3 d6 5. O-O g6 6. Re1 Bg7 7. Bc4 c5 8. d3
O-O 9. Bg5 Nbd7 10. Qd2 e6 11. Qf4 Qb8 12. Qh4 a6 13. Bb3 Kh8 14. Nd1 Ng8 15.
Qh3 Ne5 16. Nd2 Qc7 17. f4 Nc6 18. c3 Rae8 19. Nf2 f6 20. Bh4 Bc8 21. g4 Na5
22. Bd1 f5 23. Bg5 e5 24. exf5 gxf5 25. fxe5 Bxe5 26. Qh4 Qg7 27. Nf3 h6 28.
Bd2 Bf6 29. Qh5 fxg4 30. Nh4 Rxe1+ 31. Bxe1 Bxh4 32. Qxh4 Qf6 33. Qh5 Bb7 34.
Bxg4 Qf4 35. c4 Kh7 36. Qh3 Bf3 37. Bc3 Bxg4 38. Nxg4 Rf5 39. Rf1 Qxf1+ 40.
Qxf1 Rxf1+ 41. Kxf1 Nc6 42. Ke2 Kg6 43. Kf3 h5 44. Ne3 b5 45. b3 Nh6 46. Ke4 b4
47. Be1 Nd4 48. Bh4 Nhf5 49. Nxf5 Nxf5 50. Bd8 Nd4 51. Bc7 Ne2 52. Bxd6 Nc3+
53. Ke3 Nxa2 54. Kd2 Kf5 55. Bxc5 Kf4 56. Kc2 a5 57. Bb6 Kf3 58. Bxa5 1-0

[Event "Wch Seniors 23rd 2013"]
[Site "Opatija"]
[Date "2013.11.20"]
[Round "8.7"]
[White "Mochalov, Evgeny V"]
[Black "Filipenko, Alexander V"]
[Result "1/2-1/2"]
[WhiteElo "2404"]
[BlackElo "2288"]
[PlyCount "74"]
[EventDate "2013.11.12"]

1. d4 d5 2. c4 c6 3. Nf3 Nf6 4. Nc3 e6 5. g3 dxc4 6. Bg2 Nbd7 7. Bg5 Be7 8. O-O
h6 9. Bxf6 Bxf6 10. e3 O-O 11. Nd2 e5 12. d5 cxd5 13. Nxd5 Nb6 14. Nxb6 Qxb6
15. Nxc4 Qa6 16. Bd5 Rd8 17. Rc1 Be6 18. e4 Bxd5 19. exd5 Qxa2 20. b3 Qa6 21.
Qf3 Qb5 22. Rfd1 Rd7 23. Rd3 Rad8 24. Rcd1 a5 25. Ne3 Qb4 26. Ng4 Rd6 27. Qf5
Re8 28. Re3 a4 29. Nxf6+ Rxf6 30. Qd7 Ra8 31. bxa4 Qxa4 32. Qxa4 Rxa4 33. d6
Ra8 34. Rxe5 Rd8 35. d7 Kf8 36. Rb5 b6 37. Rdb1 Rxd7 1/2-1/2

[Event "Wch Seniors 23rd 2013"]
[Site "Opatija"]
[Date "2013.11.20"]
[Round "8.8"]
[White "Kakageldyev, Amanmurad"]
[Black "Kierzek, Matthias"]
[Result "1/2-1/2"]
[WhiteElo "2384"]
[BlackElo "2250"]
[PlyCount "63"]
[EventDate "2013.11.12"]

1. d4 d5 2. c4 e6 3. Nc3 c5 4. cxd5 exd5 5. Nf3 Nc6 6. g3 Nf6 7. Bg2 Be7 8. O-O
O-O 9. Bg5 c4 10. Ne5 Be6 11. e3 h6 12. Bxf6 Bxf6 13. f4 Ne7 14. g4 b5 15. a3
Rb8 16. Qf3 a5 17. f5 Bc8 18. Nxd5 Qxd5 19. Qxd5 Nxd5 20. Bxd5 Bxe5 21. dxe5
Re8 22. e6 fxe6 23. Bc6 Rf8 24. a4 bxa4 25. Rxa4 Rb6 26. Bg2 exf5 27. Rxa5 Bb7
28. Bxb7 Rxb7 29. Rc5 fxg4 30. Rxf8+ Kxf8 31. Rxc4 Rxb2 32. Rxg4 1/2-1/2

[Event "Wch Seniors 23rd 2013"]
[Site "Opatija"]
[Date "2013.11.20"]
[Round "8.9"]
[White "Herzog, Adolf"]
[Black "Karason, Askell O"]
[Result "1/2-1/2"]
[WhiteElo "2379"]
[BlackElo "2220"]
[PlyCount "116"]
[EventDate "2013.11.12"]

1. c3 Nf6 2. d4 g6 3. Nf3 Bg7 4. Bf4 b6 5. Nbd2 Bb7 6. e3 d6 7. Bc4 O-O 8. Qe2
Nbd7 9. h3 e6 10. O-O Qe7 11. Rfd1 Rad8 12. Bh2 e5 13. b4 Nd5 14. Rac1 exd4 15.
cxd4 Nxb4 16. a3 Nc6 17. Ba6 Ba8 18. d5 Nce5 19. Rxc7 Bxd5 20. Nd4 f5 21. Qb5
Ba2 22. Nc6 Nxc6 23. Qxc6 Ne5 24. Bxe5 Qxe5 25. Nf3 Qc5 26. Qb7 Rf7 27. Rxf7
Bxf7 28. Ng5 Bb3 29. Qe7 Rf8 30. Rd3 Ba2 31. g3 Qa5 32. Bb7 Qe5 33. Qxd6 Qxd6
34. Rxd6 Bf6 35. Nf3 Kg7 36. Bd5 Bxd5 37. Rxd5 Rd8 38. Rxd8 Bxd8 39. Nd4 Be7
40. a4 Kf6 41. Kf1 Bc5 42. Nb5 Ke5 43. Ke2 Kd5 44. Kd3 a5 45. Nc3+ Ke5 46. f4+
Ke6 47. e4 Bf2 48. g4 fxg4 49. hxg4 h5 50. f5+ gxf5 51. exf5+ Ke5 52. gxh5 Kxf5
53. Kc4 Be1 54. Nd5 Kg5 55. Kb5 Kxh5 56. Nxb6 Kg5 57. Nc4 Kf6 58. Nxa5 Ke6
1/2-1/2

[Event "Wch Seniors 23rd 2013"]
[Site "Opatija"]
[Date "2013.11.20"]
[Round "8.10"]
[White "Piasetski, Leon"]
[Black "Mishuchkov, Nikolai M"]
[Result "0-1"]
[WhiteElo "2288"]
[BlackElo "2367"]
[PlyCount "74"]
[EventDate "2013.11.12"]

1. Nf3 Nf6 2. c4 e6 3. Nc3 Bb4 4. Qc2 Nc6 5. d4 d6 6. Bd2 O-O 7. a3 Bxc3 8.
Bxc3 Qe7 9. e3 a5 10. b3 e5 11. d5 Nb8 12. Be2 Bg4 13. h3 Bh5 14. e4 Bg6 15.
Bd3 Na6 16. Nh4 Nc5 17. Nxg6 hxg6 18. O-O Nxd3 19. Qxd3 Nh5 20. b4 Nf4 21. Qf3
axb4 22. axb4 Qg5 23. Kh2 Qh5 24. Qxh5 Nxh5 25. c5 f5 26. c6 bxc6 27. dxc6 fxe4
28. b5 Nf4 29. Ba5 Rac8 30. Rfb1 Nd5 31. Kg1 Kf7 32. Bxc7 Rxc7 33. b6 Rxc6 34.
b7 Rb6 35. Rxb6 Nxb6 36. Rb1 Nd7 37. Rc1 Nc5 0-1